Մահվան դատապարտվածները : (Record no. 86332)
[ view plain ]
| 000 -LEADER | |
|---|---|
| fixed length control field | 00722nam a2200205 u 4500 |
| 001 - CONTROL NUMBER | |
| control field | 000243153 |
| 003 - CONTROL NUMBER IDENTIFIER | |
| control field | AM-YeHGA |
| 005 - DATE AND TIME OF LATEST TRANSACTION | |
| control field | 20250617124826.0 |
| 008 - FIXED-LENGTH DATA ELEMENTS--GENERAL INFORMATION | |
| fixed length control field | 030703s1992 ai r 000 0 arm d |
| 020 ## - INTERNATIONAL STANDARD BOOK NUMBER | |
| Canceled/invalid ISBN | 5-550-00806-4 |
| 040 ## - CATALOGING SOURCE | |
| Original cataloging agency | AM-YeHGA |
| 090 ## - LOCALLY ASSIGNED LC-TYPE CALL NUMBER (OCLC); LOCAL CALL NUMBER (RLIN) | |
| -- | 87613 |
| 100 1# - MAIN ENTRY--PERSONAL NAME | |
| Personal name | Գեմբարսկի, Բոհդան |
| 245 10 - TITLE STATEMENT | |
| Title | Մահվան դատապարտվածները : |
| Remainder of title | Վիպակ = Morituri / |
| Statement of responsibility, etc. | Բ. Գեմբարսկի; Լեհ. թարգմ.՝ Ա. Տեր-Ղազարյան. |
| 246 31 - VARYING FORM OF TITLE | |
| Title proper/short title | Morituri |
| 260 ## - PUBLICATION, DISTRIBUTION, ETC. | |
| Place of publication, distribution, etc. | Երևան : |
| Name of publisher, distributor, etc. | Նաիրի, |
| Date of publication, distribution, etc. | 1992. |
| 300 ## - PHYSICAL DESCRIPTION | |
| Extent | 116 էջ ; |
| Dimensions | 20 սմ. |
| 650 14 - SUBJECT ADDED ENTRY--TOPICAL TERM | |
| Topical term or geographic name entry element | Լեհական գրականություն |
| General subdivision | Վիպակ |
| 700 1# - ADDED ENTRY--PERSONAL NAME | |
| Personal name | Տեր-Ղազարյան, Անահիտ |
| Relator term | թարգմ. |
| Relationship | trl |
| Withdrawn status | Lost status | Damaged status | Not for loan | Collection | Home library | Current library | Date acquired | Total checkouts | Full call number | Barcode | Date last seen | Price effective from | Koha item type | Public note |
|---|---|---|---|---|---|---|---|---|---|---|---|---|---|---|
| General | Fundamental Scientific Library | Fundamental Scientific Library | 22/12/2016 | 884 | 220082754 | 22/12/2016 | 22/12/2016 | Գրքեր / Books | 30 Days Loan |
ՀՀ Գիտությունների ազգային ակադեմիայի հիմնարար գիտական գրադարան = Fundamental Scientific Library of NAS RA
All site content, except where otherwise noted, is licensed under a